Module on development communication. (Record no. 120200)
[ view plain ]
| 000 -LEADER | |
|---|---|
| fixed length control field | 00515cam1a220018100 4500 |
| 001 - CONTROL NUMBER | |
| control field | tmp15933677 |
| 003 - CONTROL NUMBER IDENTIFIER | |
| control field | UPRA |
| 005 - DATE AND TIME OF LATEST TRANSACTION | |
| control field | 20190821150457.0 |
| 008 - FIXED-LENGTH DATA ELEMENTS--GENERAL INFORMATION | |
| fixed length control field | 951113s1991 xx eng u |
| 035 ## - SYSTEM CONTROL NUMBER | |
| System control number | (Sirsi) r49353 |
| 035 ## - SYSTEM CONTROL NUMBER | |
| System control number | (UPRA)tmp15933677 |
| 040 ## - CATALOGING SOURCE | |
| Transcribing agency | UPRA |
| 245 00 - TITLE STATEMENT | |
| Title | Module on development communication. |
| 260 ## - PUBLICATION, DISTRIBUTION, ETC. | |
| Date of publication, distribution, etc. | 1991. |
| 949 ## - LOCAL PROCESSING INFORMATION (OCLC) | |
| a | PN4793 |
| w | lcc |
| i | 33729001488266 |
| m | MAIN |
| p | 2500 |
| t | SHORTLOAN |
| l | SHORTLOAN |
| 949 ## - LOCAL PROCESSING INFORMATION (OCLC) | |
| a | PN4793 |
| w | lcc |
| i | 33729001488324 |
| m | MAIN |
| p | 2500 |
| t | SHORTLOAN |
| l | SHORTLOAN |
No items available.